00612nam a2200193Ia 4500001000700000003000500007008004100012010001100053040000900064082001700073100001600090245010100106260003200207300001900239440000500258500008400263503000500347650006600352Z_3140CHAP220113s1966 xx 000 0 und d a166249 cCHAP a636.085 F47y aFerrando, R aDeterminación microscópica de los componentes de los piensos /cpor R. Ferrando y N. Henry aZaragoza :bAcribia,c1966 a124 p. ; ilus. a atrad. De : Determination microscopique des composants des aliments du bétail a aAlimentos y alimentación del ganadoxAnálisis I. Henry, N